Microbiología enológica: Fundamentos de vinificación.
Saved in:
| Main Author: | |
|---|---|
| Other Authors: | |
| Format: | Book |
| Language: | Spanish |
| Published: |
Madrid, España:
Ediciones Mundi-Prensa,
2004.
|
| Edition: | 3.ª edición revisada y ampliada. |
| Subjects: | |
| Tags: |
Add Tag
No Tags, Be the first to tag this record!
|
MARC
| LEADER | 00000cam a2200000 a 4500 | ||
|---|---|---|---|
| 001 | UCK6397 | ||
| 003 | CL-VaPUC | ||
| 005 | 20220526142220.0 | ||
| 008 | 050930e20040000SP |||||||||||||||||spa|d | ||
| 999 | |c 314684 |d 314682 | ||
| 020 | |a 8484761843 | ||
| 040 | |c Pontificia Universidad Católica de Valparaíso | ||
| 082 | 0 | 4 | |a 663.2 SUA 2004 |2 21 |
| 100 | 0 | |a Suárez Lepe, José Antonio |e autor |9 495592 | |
| 245 | 1 | 0 | |a Microbiología enológica: |b Fundamentos de vinificación. |
| 250 | |a 3.ª edición revisada y ampliada. | ||
| 260 | |a Madrid, España: |b Ediciones Mundi-Prensa, |c 2004. | ||
| 300 | |a 716 páginas | ||
| 583 | |a last modification |c 20170818 08:55:18 |k Rodrigo Vera | ||
| 650 | 0 | |a Enología |9 347465 | |
| 650 | 0 | |a Vinificación |9 264639 | |
| 650 | 0 | |a Vino |x Microbiología |9 869889 | |
| 700 | 0 | |a Iñigo Leal, Baldomero |e autor |9 495593 | |
| 942 | |c BK |2 ddc | ||
| 945 | |d 20050930 00:00:00 |a cmena | ||
| 952 | |0 0 |1 0 |4 0 |6 663_200000000000000_SUA_2004 |7 0 |8 A |9 387334 |a BIBAGR |b BIBAGR |d 2019-11-22 |i 4171136 |o 663.2 SUA 2004 |p 4171136 |r 2025-01-20 |w 2019-11-22 |y BK |k AGR | ||
| 952 | |0 0 |1 0 |3 erd |4 0 |6 663_200000000000000_SUA_2004 |7 0 |8 A |9 387335 |a BIBAGR |b BIBAGR |i 5416396 |o 663.2 SUA 2004 |p 5416396 |r 2025-01-20 |w 2019-11-22 |y BK |z Catalogado en:20170818 |k AGR | ||
| 952 | |0 0 |1 0 |2 ddc |4 0 |6 663_200000000000000_SUA_2004 |7 0 |8 A |9 583297 |a BIBAGR |b BIBAGR |c GEN |d 2022-05-26 |e 59 |g 51436.42 |i 5651393 |o 663.2 SUA 2004 |p 5651393 |r 2025-01-20 |t 3 |v 51436.42 |w 2022-05-26 |y BK |k AGR | ||
| 952 | |0 0 |1 0 |2 ddc |4 0 |6 663_200000000000000_SUA_2004 |7 0 |8 A |9 583298 |a BIBAGR |b BIBAGR |c GEN |d 2022-05-26 |e 59 |g 51436.42 |i 5651394 |l 1 |o 663.2 SUA 2004 |p 5651394 |r 2025-01-20 |s 2023-05-19 |t 4 |v 51436.42 |w 2022-05-26 |y BK |k AGR | ||